[Event "Pennant A"]
[Site "Adelaide"]
[Date "1998.10.27"]
[Round "3.1"]
[White "Fraatz, Oliver"]
[Black "Sheldrick, Kevin"]
[Result "1-0"]
[WhiteElo "1696"]
[BlackElo "1801"]
[Annotator "Fritz 5.00 - Anderson-Smith,W"]
[PlyCount "41"]
[EventDate "1998.10.13"]
[EventType "team"]
[EventRounds "6"]
[EventCountry "AUS"]

1. d4 d5 2. c4 e5 3. dxe5 d4 {Albin's Counter Gambit} 4. Nf3 Nc6 5. g3 Be6 (
5... Bg4 6. Bg2 Qd7 7. O-O O-O-O 8. Qb3 h5 9. h4 f6 10. exf6 gxf6 11. Rd1 Bh3
12. Bh1 Bc5 13. Nc3 Qg4 14. Na4 Bd6 15. Kh2 d3 16. Rxd3 Nge7 17. c5 Bxg3+ 18.
fxg3 Bf1 19. Bf4 Bxe2 20. Rxd8+ Rxd8 21. Bg2 Kb8 22. Re1 Rd3 23. Qc4 Rxf3 24.
Bxf3 Bxf3 25. Qe6 Qg6 26. Qc4 Bd5 27. Qc3 Bxa2 28. b3 Qf7 29. Qd2 Bxb3 30. Qd7
Ne5 31. Qd8+ Nc8 32. Ra1 Qc4 33. Bxe5 Qe2+ 34. Kg1 Qxe5 35. Rf1 Qxg3+ 36. Kh1
Qxh4+ 37. Kg2 Bxa4 38. Rxf6 {0-1 Birnboim,N-Veinger,I/Munich zt 1987/CBM 03}) (
5... Bb4+ 6. Nbd2 Bf5 7. Bg2 d3 8. e3 Nge7 9. O-O Ng6 10. Nb3 Be4 11. Nbd4 O-O
12. a3 Be7 13. b4 Nxd4 14. Nxd4 Bxg2 15. Kxg2 Nxe5 16. f4 Nxc4 17. Qxd3 b5 18.
Rd1 Bf6 19. Ra2 Bxd4 20. Qxd4 Qe7 {
0-1 Kecskes,G-Honfi,K/Budapest FS10 IM-A 1995/EXP 50}) 6. Nbd2 Qd7 7. Bg2 O-O-O
8. O-O h5 9. h4 (9. Qa4 h4 (9... Kb8 10. Nb3 Nxe5 11. Qxd7 Nxf3+ 12. Bxf3 Rxd7
13. Rd1 Nf6 14. Rxd4 Rxd4 15. Nxd4 Bxc4 16. Bg5 Ne8 17. b3 Ba6 18. Rd1 Nd6 19.
Nc2 Bb5 20. Bf4 Be7 21. Ne3 h4 22. Nd5 Bf8 23. Nc3 Bc6 24. Bxc6 {
Mchedlishvili,M-Raetsky,A/Erevan op 1996/EXP 52/1-0 (38)}) 10. Nxh4 Bh3 11.
Bxc6 bxc6 12. Qxa7 Qg4 13. Nhf3 d3 14. e6 Qxe6 15. exd3 Qf6 16. Re1 Rh5 17. d4
Bb4 18. Qa8+ Kd7 19. Qa4 Bxd2 20. Nxd2 Ne7 21. Qa3 Be6 22. Ne4 Qg6 23. Bf4 Qg4
24. f3 Qh3 25. g4 Ng6 26. Bg3 Nh4 27. Re2 {
1-0 Sher,M-Gusev,V/Belgorod 1990/EXP 17}) 9... Nh6 10. Qa4 Kb8 11. b4 $146 (11.
Ng5 Nxe5 12. Qb3 Nc6 13. Nxe6 Qxe6 14. Bd5 Qd7 15. Nf3 Na5 16. Qc2 c6 17. Ne5
Qc7 18. Bg2 Bd6 19. Nd3 c5 20. a3 Nc6 21. b4 Ne5 22. bxc5 Bxc5 23. Nxe5 {
1-0 Prudnikova,S-Finegold,G/Azov iztW 1990/TD 92\07}) (11. Ne4 Nxe5 12. Qxd7
Nxf3+ 13. Bxf3 Rxd7 14. b3 Be7 15. Bf4 Ng4 16. Rfd1 f6 17. Rac1 Rg8 18. c5 g5
19. c6 bxc6 20. hxg5 fxg5 21. Bd2 Ne5 22. Bg2 d3 23. exd3 Nxd3 24. Rc2 Nb4 25.
Rc5 Rgd8 {Stanescu,B-Bauer,C/Wiesbaden op 1988/GER 02/0-1 (36)}) 11... Nxe5 (
11... Nxb4 12. Qxd7 Rxd7 13. a3 $11) 12. b5 {White gets more space} (12. Qxd7
Nxf3+ (12... Rxd7 $4 13. Nxe5 Rd8 14. Ndf3 $18) (12... Nxd7 $143 13. Nxd4 Nf5
14. Nxe6 fxe6 15. Rd1 $16) 13. Nxf3 Rxd7 $16) 12... Nxf3+ 13. Bxf3 $11 (13.
Nxf3 Bc5 $14) 13... Bg4 14. Nb3 $15 (14. Bb2 d3 15. Rfe1 Nf5 16. exd3 Nxh4 17.
Bxg4 Qxg4 $11) 14... d3 $4 $18 {allows the opponent back into the game} (14...
Bxf3 $142 {and Black can hope to live} 15. exf3 Nf5 $11) 15. Bxb7 {
White threatens strongly Be3} dxe2 16. Be3 $1 {
an unexpected blow. Threatening mate... how?} exf1=Q+ (16... Kxb7 $4 {
capturing the bishop loses} 17. Qxa7+ Kc8 18. Qa8#) 17. Rxf1 c5 (17... a5 18.
Qxa5 $1 {finishing him off} c5 19. bxc6 Qxc6 20. Bxc6 Rd7 21. Bb6 Rb7 22. Bxb7
Kxb7 23. Qa7+ Kc8 24. Qc7#) 18. bxc6 Qd3 19. Qxa7+ Kc7 20. Qb6+ (20. Bc8+ Kd6
21. Bf4+ Kxc6 22. Qc7#) 20... Kd6 21. Qxd8+ (21. Qxd8+ Ke6 22. Bc8+ Qd7 23.
Bxd7+ Ke5 24. Qa5+ Kd6 25. Bc5+ Ke5 26. Bxf8+ Kf6 27. Qg5#) 1-0

[Event "Pennant A"]
[Site "Adelaide"]
[Date "1998.10.27"]
[Round "3.2"]
[White "Ayris, Tony"]
[Black "Amini, Amir"]
[Result "1-0"]
[WhiteElo "1900"]
[BlackElo "1412"]
[Annotator "Fritz 5.00 - Anderson-Smith,W"]
[PlyCount "67"]
[EventDate "1998.10.13"]
[EventType "team"]
[EventRounds "6"]
[EventCountry "AUS"]

1. e4 e6 2. d4 d5 3. Nc3 Bb4 4. e5 c5 {French Defence, Winawer Variation} 5. a3
Bxc3+ 6. bxc3 b6 (6... cxd4 7. Qg4 Kf8 8. cxd4 Qa5+ 9. Bd2 Qa4 10. Bb4+ Ne7 11.
Bxe7+ Kxe7 12. Qxg7 Qxd4 13. Qf6+ Kd7 14. Qxf7+ Kc6 15. Rb1 Qxe5+ 16. Kd1 Nd7
17. Nf3 Qf6 18. Qh5 Nc5 19. Bb5+ Kc7 20. Re1 a6 21. Bd3 {
Rogovski,V-Roos,J/EUCup Vilnius 1995/EXP 50/1-0 (39)}) (6... Ne7 7. Qg4 O-O 8.
Bd3 Nbc6 9. Nf3 f5 10. exf6 Rxf6 11. Bg5 Rf7 12. Bxe7 Rxe7 13. Qh4 h6 (13... g6
14. O-O c4 15. Be2 Bd7 16. Rfe1 Qa5 17. Ne5 Rae8 18. Ng4 Qxc3 19. Qf6 Rg7 20.
Nh6+ Kh8 21. Red1 Qxc2 22. Nf7+ Kg8 23. Nh6+ Kh8 {
1/2-1/2 Oll,L-Ulibin,M/URS-OT56 Uzhgorod 1988/TD 88\01}) 14. O-O c4 15. Bg6 Bd7
16. Rae1 Be8 17. Bxe8 Rxe8 18. Qg4 Qd6 19. a4 Rad8 20. Re3 Qa3 21. Rfe1 Qxa4
22. Rxe6 Rxe6 23. Qxe6+ Kh8 24. Qg6 Qa3 25. Qf7 Qxc3 26. Re8+ {
1/2-1/2 Nilboer,F-Lputian,S/EU-chT Debrecen 1992/EU-chT}) 7. Qg4 $146 (7. f4
Nc6 8. Nf3 Nge7 9. Be2 Ng6 10. O-O O-O 11. a4 c4 12. Qd2 Bb7 13. Ba3 Re8 14.
Bd6 Nce7 15. Rfb1 Nf5 16. Bb4 Qd7 17. a5 bxa5 18. Rxa5 Rec8 19. Bc5 Bc6 20.
Rba1 Rc7 21. g3 Bb5 {
Lutring,A-Scagliarini,V/EU-chJW U12 Szombathely 1993/TD 93\05/1/2-1/2 (77)})
7... Kf8 8. Nf3 Ba6 9. Bxa6 Nxa6 10. a4 h5 11. Qf4 Ne7 12. Ng5 {
Threatening mate... how?} Nf5 13. O-O Qd7 $11 (13... Rc8 14. Ra2 $15) 14. a5 g6
$14 (14... b5 $5 $11) 15. axb6 axb6 16. Ba3 $11 (16. dxc5 bxc5 17. c4 d4 $14)
16... Kg7 17. f3 h4 18. Rfd1 Rhc8 19. dxc5 {White gets in control} bxc5 (19...
Nxc5 20. Bb4 $11) 20. g4 (20. c4 Qa4 $11) 20... hxg3 21. hxg3 {
Prevents intrusion on h4.} Rh8 $2 $16 (21... c4 $142 $5 {is a viable option}
22. Kg2 Qa7 $11) 22. g4 Rh4 23. Bxc5 $1 {
the best thing is for White to hand back some material} Rah8 24. Rxa6 $11 (24.
Bf2 Rh1+ 25. Kg2 Rxd1 26. Rxd1 $18) 24... Rh1+ $4 $18 {
Black has let it slip away} (24... Qb5 $142 {would be a reprieve} 25. Nxe6+
fxe6 26. Ra7+ Kg8 27. Ra8+ Kg7 28. Ra7+ Kg8 29. Ra8+ Kg7 30. Ra7+ $11) 25. Kg2
Rxd1 (25... R8h2+ 26. Qxh2 Rxh2+ 27. Kxh2 Qb5 $18) 26. gxf5 {
The mate threat is f6} exf5 (26... gxf5 27. Qg3 Rd2+ 28. Kg1 Rd1+ (28... Rxc2
$4 {it may look tempting but Black must resist capturing the pawn} 29. Nxe6+
Kh6 30. Qg7+ Kh5 31. Qg5#) 29. Kf2 Rd2+ 30. Ke1 Rd1+ 31. Kxd1 Rh1+ 32. Kd2 f6
33. Ne4+ Kf7 34. Nd6+ Qxd6 35. Ra7+ Qd7 36. Rxd7+ Ke8 37. Re7+ Kd8 38. Qg8#)
27. Ne6+ (27. e6 Qe8 28. Ra7 $18) 27... fxe6 28. Ra7 {
Do you see the mate threat?} Qxa7 {
Black must return some of the goodies he has collected} 29. Bxa7 Rh5 (29...
Rdh1 $18) 30. Bf2 (30. Qb4 $142 $5 {makes it even easier for White} Rd2+ 31.
Kg3 Rxc2 32. Qe7+ Kh8 33. Qxe6 Rch2 $18) 30... Rdh1 31. Bg3 (31. Qb4 $142 $5 {
seems even better} g5 32. Qe7+ Kh8 $18) 31... Rd1 $2 (31... g5 32. Qb4 f4 33.
Qe7+ Kh8 34. Qxe6 fxg3 35. Qxd5 g4 36. fxg4 R5h3 $18) 32. Qb4 Rd2+ 33. Bf2 Rg5+
(33... Rxc2 {does not improve anything} 34. Qe7+ Kh6 35. Qf8+ Kh7 36. Qf7+ Kh6
37. f4 (37. Qxe6 $6 Rg5+ 38. Kf1 Rc1+ 39. Be1 Rh5 $18) 37... Rh2+ 38. Kxh2
Rxf2+ 39. Kg3 $18) 34. Kf1 (34. Kf1 Rh5 35. Qe7+ Kh8 36. Bh4 (36. Qxe6 Rh2 37.
Qf6+ Kh7 38. Qf7+ Kh8 39. Qf8+ Kh7 40. Qe7+ Kh8 41. Qe8+ Kh7 42. Qd7+ Kg8 43.
Qd8+ Kh7 44. Qc7+ Kh8 45. Qb8+ Kg7 46. Qa7+ Kg8 $16) 36... Rxh4 37. Qxh4+ Kg7
38. Qf6+ Kh6 39. f4 $18) 1-0

[Event "Pennant A"]
[Site "Adelaide"]
[Date "1998.10.27"]
[Round "3.3"]
[White "Riches, L John"]
[Black "Benham, Christopher"]
[Result "1-0"]
[WhiteElo "1724"]
[BlackElo "1640"]
[Annotator "Fritz 5.00 - Anderson-Smith,W"]
[PlyCount "67"]
[EventDate "1998.10.13"]
[EventType "team"]
[EventRounds "6"]
[EventCountry "AUS"]

1. d4 f5 {Dutch Defence} 2. Bg5 h6 3. Bh4 g5 4. Bg3 (4. e3 Nf6 5. Bg3 d6 (5...
Bg7 6. Bd3 d6 7. h4 g4 8. c3 Nc6 9. Qc2 e6 10. Ne2 Qe7 11. Nd2 Bd7 12. Nf4 Qf7
13. Qb3 O-O-O 14. Bxf5 Na5 15. Qxe6 {
1-0 Smirin,I-Vragoteris,A/Katerini op 1992/EXP 32}) 6. h4 Rg8 7. hxg5 hxg5 8.
Nc3 e6 9. f3 Qe7 10. Qd2 Nc6 11. O-O-O Bd7 12. e4 fxe4 13. fxe4 O-O-O 14. d5
exd5 15. exd5 Ne5 16. Re1 Kb8 17. Kb1 Bg7 18. a3 Rh8 19. Rxh8 Rxh8 20. Bxe5
dxe5 21. Nf3 e4 22. Qxg5 Rh5 23. Qd2 Qd6 24. Nd4 a6 25. Bc4 Rh4 26. Bb3 Rg4 27.
Re2 e3 28. Qxe3 Nxd5 29. Nxd5 Bxd4 30. Qe7 Qxe7 31. Rxe7 Bc6 32. Nxc7 Rxg2 33.
Bd5 Rg1+ 34. Ka2 Rg7 35. Rxg7 Bxd5+ 36. Nxd5 Bxg7 37. c4 Kc8 38. a4 Kd7 39. a5
Kd6 40. b4 Bd4 41. Kb3 Bf2 42. Nf4 Be3 43. Nd3 Kc6 44. Ka4 Bg1 45. b5+ axb5+
46. cxb5+ Kc7 47. Nb4 Bf2 48. b6+ Kb8 {
1/2-1/2 Kasparov,G-Illescas Cordoba,M/Dos Hermanas 1996/TUR 96}) 4... d6 $146 {
Secures e5} (4... Nf6 5. Be5 Bg7 6. Bxf6 Bxf6 7. e4 fxe4 8. Qh5+ Kf8 9. c3 d5
10. h4 Kg7 11. Qe2 b6 12. Nh3 Qd6 13. g3 c5 14. dxc5 Qxc5 15. Nd2 Ba6 16. Qd1
e3 17. Nf3 Bxc3+ {0-1 Niehaus,S-Georg,H/Dortmund op 1991/TD 91\04}) 5. e3 Bg7
6. h4 g4 {Black wins space} 7. h5 Nf6 8. Nd2 Nc6 9. c3 {Consolidates b4} e5 10.
dxe5 dxe5 11. Qc2 O-O (11... Qd5 12. Rh2 $11) 12. Bc4+ Kh8 13. O-O-O Qe8 14.
Ne2 Nxh5 15. Bh4 $15 (15. f3 Nxg3 16. Nxg3 Be6 $11) 15... Nf6 $11 (15... Na5
16. Bb3 $15) 16. f3 {Controls e4} Na5 17. Bd3 Nd5 18. Bg5 Qg6 19. e4 Qxg5 20.
exd5 b6 21. fxg4 $17 (21. Rdf1 gxf3 22. gxf3 Qd8 $17) 21... Qxg4 22. Rh3 Nb7
23. Rdh1 (23. Rg3 $5 Qh5 24. Ba6 $17) 23... Bd7 $15 (23... Qxg2 $142 $5 24. Bc4
Na5 $17) 24. b3 $17 {Covers a4.} (24. Ng3 $5 {looks like a viable alternative}
e4 25. Be2 $11 (25. Rxh6+ $2 {doesn't lead to the expected results} Bxh6 26.
Rxh6+ Kg7 $19)) 24... Qxg2 25. R1h2 $2 $19 (25. Nf1 $142 $5 Nc5 26. Ne3 $19)
25... Qxd5 26. Nf3 (26. Ng3 Nd6 $19) 26... Nd6 $4 $17 {
releasing the pressure on the opponent} (26... Qd6 27. Qd2 f4 28. Nxe5 Qxe5 29.
Rxh6+ Bxh6 30. Rxh6+ Kg8 31. Rg6+ Kf7 32. Qxf4+ Qxf4+ 33. Nxf4 c6 $19) 27. Ng5
$2 $19 (27. Qd2 Bc6 28. Rxh6+ Kg8 29. Rh7 $18) 27... e4 $4 $18 {
ignoring the path to victory} (27... Rf6 $142 {secures the win} 28. Rh4 Rd8 $19
) 28. Nf4 $1 {the knock-out blow. Threatening mate: Ng6} Qc5 (28... Qe5 {
praying for a miracle} 29. Ng6+ Kg8 30. Nxe5 hxg5 $18) 29. Rxh6+ $17 {
Opening the h-file gets White a lot of play} (29. Ng6+ Kg8 30. Ne7+ Kh8 31.
Rxh6+ Bxh6 32. Rxh6+ Kg7 33. Rg6+ Kh8 34. Qh2#) 29... Kg8 $1 {
retaining the advantage} 30. Rg6 $19 (30. Rh8+ Bxh8 31. Rxh8+ Kxh8 32. Qh2+ Kg7
33. Nge6+ Bxe6 34. Nxe6+ Kf6 35. Qh6+ Ke5 36. Nxc5 bxc5 $19) 30... Qe3+ $4 $18
{letting the wind out of his own sails} (30... Qg1+ 31. Kb2 exd3 $15) 31. Kb2
$1 {sealing the opponent's fate. Do you see the mate threat?} Qxf4 {
Black threatens to counter with Rf6} (31... exd3 $4 {
is definitely not advisable} 32. Rh8+ $3 {a small price for the final victory}
Kxh8 33. Qh2+ Qh3 34. Qxh3+ Bh6 35. Qxh6#) 32. Qg2 $1 {puts the final touch}
Qe5 (32... Rf7 {there is nothing better in the position} 33. Nxf7 Kxf7 34.
Rxg7+ Ke6 $18) 33. Rh8+ $3 {giving up material to nicely decide the game} Kxh8
34. Qh3+ (34. Qh3+ Bh6 35. Qxh6#) 1-0

[Event "Pennant A"]
[Site "Adelaide"]
[Date "1998.10.27"]
[Round "3.1"]
[White "Cowley, Robert G"]
[Black "Sykes, Alexander"]
[Result "1-0"]
[WhiteElo "1995"]
[BlackElo "1904"]
[Annotator "Fritz 5.00 - Anderson-Smith,W"]
[PlyCount "86"]
[EventDate "1998.10.13"]
[EventType "team"]
[EventRounds "6"]
[EventCountry "AUS"]

1. d4 Nf6 2. c4 g6 3. Nf3 Bg7 4. g3 {Grunfeld Defence, Neo-Grunfeld Variation}
O-O 5. Bg2 d5 6. O-O dxc4 (6... c6 7. cxd5 cxd5 8. Nc3 Ne4 9. Qb3 (9. Nxe4 dxe4
10. Ne5 Nd7 11. Bf4 Nf6 12. Qd2 Be6 13. Rfc1 Qb6 14. Nc4 Qa6 15. Ne3 Rfd8 16.
Be5 Rd7 17. Rc7 Rxc7 18. Bxc7 Bh6 19. Be5 Nd5 20. Bxe4 Bxe3 21. fxe3 f6 22. Bf4
g5 23. Bd3 Qb6 24. e4 gxf4 25. exd5 Qxd4+ 26. e3 Qxd5 27. Rd1 Kh8 28. Qb4 Qf3 {
0-1 Alterman,B-Glek,I/Haifa 1996/TUR 96}) (9. Ne5 Nxc3 10. bxc3 Nc6 11. Nxc6
bxc6 12. Qa4 Bd7 13. Qa3 Bf5 14. Bf4 Re8 15. Rfd1 Qb6 16. Rac1 a5 17. h4 a4 18.
Rd2 Bf8 19. Qb4 Qxb4 20. cxb4 e5 21. dxe5 Bxb4 22. Rd4 c5 23. Rxd5 Rac8 24. Rd6
c4 25. Rb6 Ba3 26. Rc3 Bc5 27. Rb5 Bd7 28. Rb7 Be6 29. Be4 Rb8 30. Rc7 Rec8 31.
Rxc8+ Rxc8 32. Kg2 Bb4 33. Rc1 Ba3 34. Rh1 Bb2 35. a3 c3 36. Bc1 Rb8 37. Bc6
Bb3 38. Kf3 Rd8 39. Be4 Bd1 {0-1 Larsen,B-Xie Jun/Vienna Walzer 1993/TD 93\02})
9... Nc6 10. Rd1 e6 11. Bf4 Nxc3 12. Qxc3 Bd7 13. Bd6 Re8 14. Qd2 Rc8 15. h4
Ne7 16. Bb4 Nf5 17. Rdc1 Qb6 18. Bc5 Qa6 19. Bf1 Nd6 20. e3 Bb5 21. Bxb5 Nxb5
22. Qb4 b6 23. Be7 Qb7 24. Rxc8 Rxc8 25. a4 Nc7 26. Rc1 Ne8 27. Rxc8 Qxc8 28.
Qb5 f6 29. a5 bxa5 30. Bc5 Bf8 31. Qxa5 a6 32. Qb6 e5 33. Qb3 Qc6 34. Bxf8 e4
35. Ba3 exf3 36. Qb4 h5 37. Qf8+ Kh7 38. Qf7+ Kh8 39. Qxg6 Ng7 40. Bf8 Ne6 41.
Be7 {1-0 Karpov,A-Epishin,V/Las Palmas 1994/CBM 42}) 7. Qa4 Be6 $146 (7... Nc6
8. Rd1 Nd7 9. Qxc4 Nb6 10. Qb3 (10. Qc2 Bf5 11. e4 (11. Qd2 e5 12. dxe5 Qxd2
13. Bxd2 Nxe5 14. Nxe5 Bxe5 15. Bc3 Rfd8 16. Rc1 Bxc3 17. Nxc3 c6 18. Rd1 a5
19. Be4 Be6 20. b3 Kf8 21. Bc2 Ke7 22. f3 Nd5 23. Nxd5+ Rxd5 24. e4 Rc5 25. Rd2
Rc3 {Sygulski,A-Pribyl,J/Jurmala 1987/CBM 05/0-1 (46)}) 11... Bg4 12. d5 Bxf3
13. Bxf3 Nd4 14. Qd3 c5 15. Nd2 Rc8 16. Bg2 c4 17. Qf1 Qd7 18. Nf3 Nxf3+ 19.
Bxf3 Na4 20. e5 Bxe5 21. Qe2 Bg7 22. Bg5 Rfe8 23. Rd2 c3 24. bxc3 Nxc3 {
Zeh,R-Kyas,J/Cattolica 1993/TD 93\07/0-1 (36)}) 10... a5 11. Nc3 a4 12. Qc2 Bf5
13. Qd2 Nc4 14. Qf4 Bc2 15. d5 b5 16. Nxb5 Bxd1 17. Qxc4 a3 18. Nc3 Na5 19. Qd3
Bb3 20. Nd2 Rb8 21. axb3 axb2 22. Bxb2 {
Ivkov,B-Andersson,U/Wijk 1971/MCL 04/1-0 (34)}) (7... Nbd7 8. Qxc4 Nb6 9. Qb3
Be6 10. Qd1 Qc8 11. Re1 Rd8 12. e4 c6 13. Nc3 h6 14. Qc2 Bh3 15. Bh1 Bg4 16.
Ne2 Qe6 17. Nf4 Qc4 18. Qxc4 Nxc4 19. b3 Nb6 20. Bb2 a5 21. Ne5 Bc8 22. Rad1 {
Pawlowitsch,D-Schmider,B/Singen-U20 1985/GER 04/1/2-1/2 (50)}) 8. Ng5 Bd5 ({Not
} 8... Qxd4 9. Nxe6 fxe6 10. Bxb7 $18) 9. e4 Bc6 10. Qxc4 h6 11. d5 {
White gains space} hxg5 12. dxc6 Nxc6 13. Bxg5 Nh7 14. Bc1 Qd4 15. Qxd4 (15.
Qb3 Qb4 $11) 15... Nxd4 16. Nc3 c6 {Covers b5+d5} 17. Rb1 Rad8 18. Be3 Rd7 19.
f4 Rfd8 20. e5 {This push gains space} Nf8 21. Ne4 $15 (21. Bh3 e6 $14) 21...
Nfe6 22. Bh3 b6 {Prevents intrusion on c5} 23. Bg4 Nf5 24. Bf2 Ned4 25. b4 Rd5
26. Nc3 R5d7 27. Rfd1 Nc2 28. Rxd7 {White launches an attack} Rxd7 29. Rb2 Ncd4
30. Kf1 Kf8 31. Rd2 Ke8 32. Bh3 Nf3 $2 $18 (32... Ne6 $142 $5 33. Rxd7 Kxd7 $14
) 33. Rxd7 Kxd7 34. Ke2 Nxe5 35. fxe5 Bxe5 36. Ne4 e6 37. Kd3 Ne7 38. Bd4 Bc7 (
38... Bxd4 39. Kxd4 Nd5 40. a3 $16) 39. Nf6+ Kd8 40. Bg2 Bd6 41. a3 Kc7 42.
Ne8+ Kd7 43. Nxd6 Kxd6 1-0

[Event "Pennant A"]
[Site "Adelaide"]
[Date "1998.10.27"]
[Round "3.2"]
[White "Sarma, Venu"]
[Black "Anderson-Smith, William"]
[Result "1-0"]
[WhiteElo "1465"]
[BlackElo "1512"]
[Annotator "Fritz 5.00 - Anderson-Smith,W"]
[PlyCount "95"]
[EventDate "1998.10.13"]
[EventType "team"]
[EventRounds "6"]
[EventCountry "AUS"]

1. d4 d5 2. c4 e6 3. Nf3 Nf6 4. g3 {Catalan Opening-Queen's Catalan} c6 5. Bg2
Bd6 (5... dxc4 6. Ne5 b5 $5 7. a4 Nd5 8. axb5 cxb5 9. Nc3 f6 $5 $146 10. Nf3
Nxc3 11. bxc3 Bb7 12. O-O Be7 13. Qc2 f5 14. Nh4 Qc8 15. Bxb7 Qxb7 16. Ng2 O-O
17. Nf4 Rf6 18. Nh5 Rf7 19. Nf4 Qc6 20. e4 Nd7 21. exf5 $142 $6 exf5 22. Re1
Bd6 $15 23. Ne6 Nb6 24. Bg5 Qd7 25. Bf4 Re8 26. Nc5 Bxc5 27. dxc5 Na4 28. Bd6
h6 29. Qd2 $142 $2 Rxe1+ 30. Qxe1 f4 $1 $17 31. Rd1 f3 32. Bf4 Re7 $1 33. Qf1
Qc8 34. Re1 Qxc5 35. Rxe7 Qxe7 36. Qc1 Qe2 37. h4 Nb2 38. Qa1 Kh7 39. Be3 Nd3
40. Qb1 a6 41. Kh2 Qe1 42. Qxe1 Nxe1 43. g4 Ng2 44. Bb6 b4 45. cxb4 c3 46. Bd4
c2 47. Bb2 Nxh4 {0-1 Ulibin,M-Kharlov,A/St.Petersburg zt 1993}) (5... Nbd7 6.
O-O Bd6 7. Nbd2 O-O 8. Qc2 Qe7 9. Re1 e5 10. dxe5 Nxe5 11. cxd5 Nxd5 12. Nxe5
Bxe5 13. Nc4 Bc7 14. Bd2 Rd8 15. a3 Be6 16. b4 Rab8 17. Rad1 c5 18. e4 Nf6 19.
Ne3 Bd6 20. f4 cxb4 21. e5 Bc5 22. axb4 Bxe3+ 23. Bxe3 Nd5 24. Bc5 Nxb4 25. Qf2
{1-0 Manor,I-Sehner,N/Lugano op 1989/TD 89\01}) 6. O-O O-O 7. Qc2 Nbd7 8. a4
$146 (8. Bf4 Qc7 9. Bxd6 (9. e3 dxc4 10. Bxd6 Qxd6 11. Qxc4 e5 12. Nc3 exd4 13.
Qxd4 Qxd4 14. Nxd4 Nb6 15. b4 a6 16. a4 Rd8 17. Rfd1 Bg4 18. f3 Be6 19. Kf2 {
1/2-1/2 Smirin,I-Skembris,S/Komotini op 1992/EXP 32}) 9... Qxd6 10. Nbd2 (10.
cxd5 exd5 11. Nc3 Re8 12. Rab1 Nf8 13. b4 g6 14. Rb2 a6 15. Na4 Bf5 16. Qb3 Qe7
17. Nc5 Ne4 18. e3 Nd6 19. Nd2 Nd7 20. Re1 Nb6 21. Bf1 h5 22. a4 Nd7 23. Nxd7
Bxd7 24. Nf3 b5 {Doering,T-Doeve,M/NRW-II 1989/BIG 80/1/2-1/2 (38)}) 10... Re8
11. e4 dxe4 12. Nxe4 Nxe4 13. Qxe4 e5 14. Rfe1 Nf6 15. dxe5 Nxe4 16. exd6 Nxd6
17. c5 Ne4 18. Nd4 f5 19. Bxe4 fxe4 20. f3 e3 21. Nc2 Be6 22. Rxe3 Bd5 23. Kf2
Rad8 24. Rxe8+ Rxe8 25. Ne3 Re5 26. b3 Be6 27. Rc1 Rh5 28. h4 g5 29. hxg5 Rxg5
30. b4 Rh5 31. a3 Rh2+ 32. Kg1 Ra2 33. Rc3 Kf7 34. Ng2 Bd5 35. g4 Kf6 36. Re3
a5 37. bxa5 Rc2 38. Kh2 Rxc5 39. Nf4 Rxa5 40. Kg3 Bf7 41. Rd3 c5 42. Rd7 b5 43.
g5+ Kg7 44. Ne6+ Kg6 45. Nf4+ Kg7 46. Ne6+ Kg6 47. Nf4+ Kg7 {
1/2-1/2 Kottke,U-Niermann,R/Dortmund op 1987/TD 87\03}) (8. Nc3 dxc4 9. Rd1 Qe7
10. Nd2 Nb6 11. a4 a5 12. Nce4 Nxe4 13. Nxe4 Bb4 14. Bf4 h6 15. Nd2 Nd5 16.
Nxc4 Nxf4 17. gxf4 Bd7 18. e3 f6 19. Qe4 Be8 20. Bf3 Rd8 21. Be2 Kh8 22. Bd3 g6
{Tregubov,P-Delander,A/Berliner Sommer 1996/EXP 54/1/2-1/2 (67)}) (8. Rd1 Re8
9. cxd5 exd5 10. Nc3 b6 11. e4 dxe4 12. Ng5 Bb7 13. Ncxe4 Nxe4 14. Bxe4 h6 15.
Bh7+ Kf8 16. Nxf7 Qf6 17. Nxd6 Qxd6 18. Qf5+ Nf6 19. Bf4 Qe6 20. Rd2 Qxf5 21.
Bxf5 Nd5 22. Bd6+ Kf7 {Kirchhoff,H-Brass,J/Dortmund op 1987/TD 87\03/1-0 (58)})
8... dxc4 (8... e5 9. cxd5 cxd5 10. dxe5 Nxe5 11. Rd1 $11) 9. Qxc4 (9. Nbd2 Bc7
$14) 9... e5 10. Qc2 Re8 11. Rd1 Qc7 12. Nc3 exd4 13. Nxd4 Nf8 14. e4 Bg4 15.
f3 Bh5 16. Kh1 Rad8 17. Nf5 Bb4 $14 (17... Be5 18. Be3 $11) 18. Bf4 Qa5 19. Nd6
Bxd6 20. Rxd6 (20. Bxd6 Ne6 $11) 20... Rxd6 (20... Ne6 21. Rxd8 Rxd8 22. Be3
$11) 21. Bxd6 c5 22. e5 N6d7 23. f4 Ne6 24. Bxb7 Nd4 25. Qf2 f6 26. Bd5+ Bf7
27. Bxf7+ Kxf7 28. Rf1 (28. Qg2 Qb4 $18) 28... Nb6 $18 (28... Kg8 29. Qg2 Qa6
30. Qd5+ Ne6 31. Re1 fxe5 32. fxe5 $16) 29. Qg2 Kg8 30. Bc7 (30. exf6 gxf6 31.
Qb7 Nf5 $18) 30... Qa6 31. Bxb6 axb6 32. Qd5+ Kh8 {The mate threat is Qxf1} 33.
Rd1 fxe5 34. fxe5 {The passed pawn on e5 will quickly become a dangerous weapon
} h6 35. Qe4 Qc8 36. Re1 Qe6 37. Nd5 Qc6 38. Nf4 {White gets the initiative}
Qxe4+ (38... Qxa4 39. e6 $14) 39. Rxe4 Kg8 40. Nd5 $16 (40. e6 Kf8 $18) 40...
Rb8 $18 (40... Re6 41. Kg2 $16) 41. e6 Kf8 $4 {Black falls apart} (41... Re8
$142 $18) 42. e7+ Ke8 43. Nc7+ Kd7 44. e8=Q+ Rxe8 45. Nxe8 Nf3 (45... g6 {
does not help much} 46. Ng7 $18) 46. Nxg7 Ng5 47. Rh4 Nf3 (47... Nf7 {
cannot change what is in store for ?} 48. Kg2 $18) 48. Rxh6 (48. Rxh6 Ne5 49.
Rxb6 $18) 1-0